Представление документа в формате RUSMARC

ПолеНазваниеЗначение
  Тип записи a
  Библиографический уровень m
001 Контрольный номер RU/УОНБ/EK/390396665
005 Дата корректировки 20240131005842.0
010 Индекс ISBN __
a ISBN 978-985-16-7997-9
d Цена 182 р. 93 к.
9 Тираж 5000 экз.
b Уточнения в пер.
100 Данные общей обработки __
a Данные общей обработки 20111107d2010 u y0rusy0189 ca
101 Язык документа 0_
a Язык текста rus
102 Страна публикации __
a Страна публикации BY
105 Кодированные данные (монография) __
a Кодированные данные (монография) a e 000zy
200 Заглавие и сведения об ответственности 1_
a Заглавие Словарь символов
f Первые сведения об ответственности [авт.-сост. М. В. Адамчик]
210 Выходные данные 1_
a Место издания Минск
c Издательство Харвест
d Дата издания 2010
215 Физическое описание __
a Объем 224 с.
c Иллюстрации/тип воспроизводства ил.
d Формат 17 см
606 Тематические рубрики 1_
3 Контрольный № нормативной записи RU\NLR\AUTH\66458588
a Основная рубрика Символы
j Формальный подзаголовок Словари
2 Код системы nlr_sh
610 Ключевые слова 0_
a Ключевые слова символы
686 Индексы других классификаций __
a Классификационный индекс 87.224.2я21
v Номер издания LBC/PL
2 Код системы rubbk
702 Вторичная интеллектуальная ответственность _1
3 Контрольный № нормативной записи RU\NLR\AUTH\7741288
7 ca
a Фамилия Адамчик
b Имя (инициалы) М.В.
g Полное личное имя Мирослав Вячеславович
4 Код отношения 220
801 Источник записи _0
a Страна RU
b Организация НБР Саха
c Дата составления 20111107
g Правила каталогизации rcr
801 Источник записи _1
a Страна RU
b Организация Ульяновская ОНБ
c Дата составления 20120515
g Правила каталогизации rcr
2 Код формата rusmarc
901 Тип документа __
t Тип документа m
909 Создатель записи __
a Создатель записи Мейснер
b Дата создания записи 20130306
938 Служебная информация __
a Имя БД books
b Имя библиотеки УОНБ
c Имя АИБС МАРК-SQL
d Номер DOC_ID в БД 282670